LEADER 01701nam a2200313 i 4500 001 000000347231 003 CaOOAMICUS 005 20210805115821.0 008 210805s2019 be u100 u fre u 013 $a10600 020 $a978-2-503-58167-5 040 $aSeMil$bita 245 00$aFemmes de savoir et savoirs des femmes :$blittérature et musique religieuses entre l'Antiquité tardive et le Moyen Âge /$csous la direction de Gabriella Aragione, Beat Föllmi. 264 1$aTurnhout :$bBrepols,$c2019. 300 $a198 p. ;$c21 cm. 490 1 $aCahiers de Biblia patristica ;$v20 500 $aAtti della 1. giornata di studi del Centre d'Analyse et de Documentation Patristiques (CADP), Strasbourg, 11 maggio 2016 650 4$aSapere e erudizione - Donne - Medioevo.$0(OLS)http://semarc/subject/50776 650 4$aMedioevo - Vita intellettuale.$0(OLS)http://semarc/subject/42682 700 1 $aAragione, Gabriella.$0(OLS)http://semarc/name/94263 700 1 $aFöllmi, Beat A. ,$d<1965- >.$0(OLS)http://semarc/name/114385 710 2 $aCentre d'analyse et de documentation patristiques .$0(OLS)http://semarc/name/114364 830 0$aCahiers de Biblia patristica ;$v20.$0(OLS)http://semarc/title/21349 850 $aSeMil 852 $aSeMil$W1$xVenegono$y1$m2BA D 20$j227681$B238295$CSeMilBibl$Z2$F238295 $81 996 $6020$a978-2-503-58167-5$9(OLS)http://semarc/number/293778 996 $6245$aFemmes de savoir et savoirs des femmes :$blittérature et musique religieuses entre l'Antiquité tardive et le Moyen Âge$9(OLS)http://semarc/title/436475 996 $6264$aTurnhout :$bBrepols$9(OLS)http://semarc/publisher/29626 LEADER 00986nam a2200193 i 4500 001 000000010513 003 CaOOAMICUS 005 20180830125440.0 008 180830s1987 it u000 u ita u 040 $aSeMil$bita 100 1 $aConforti, Guido Maria,$c.$0(OLS)http://semarc/name/5125 245 10$aServizio ecclesiale e carisma missionario /$cGuido Maria Conforti. 260 $aCittà del Vaticano :$bLibreria Editrice Vaticana,$c1987-1988. 300 $a4 v. ;$c24 cm. 650 4$aSaveriani.$0(OLS)http://semarc/subject/1675 774 0 $aConforti, Guido Maria, $tDiocesi di Parma tra successi e amarezze.$z88-209-1592-8$gVolume3$w()120287 774 0 $aConforti, Guido Maria, $tMissione di Cina. Olocausto.$z88-209-1607-X$gVolume4$w()246703 996 $6245$aServizio ecclesiale e carisma missionario$9(OLS)http://semarc/title/13894 996 $6260$aCittà del Vaticano :$bLibreria Editrice Vaticana$9(OLS)http://semarc/publisher/29734